| 000 | 00562nam a2200193Ia 4500 | ||
|---|---|---|---|
| 005 | 20260120124637.0 | ||
| 008 | 008 260114s9999 xx 000 0 eng d | ||
| 020 | _a9780762308170 | ||
| 037 | _aEBOOK | ||
| 040 |
_aCRL _beng _cCRL |
||
| 041 |
_aeng _2eng |
||
| 084 | _qCRL | ||
| 245 | 0 | _aSchooling and Social Capital in Diverse Cultures | |
| 260 |
_bEmerald Publishing _c2002 |
||
| 700 |
_aBruce Fuller _9908761 |
||
| 856 | _uhttps://www.emerald.com/insight/publication/doi/10.1108/S1479-3539(2002)13 | ||
| 942 | _cEBOOK | ||
| 999 |
_c1500669 _d1500669 |
||